Kỹ thuật 12: Chăn nuôi

Zapisane w:
Opis bibliograficzny
1. autor: Nguyễn Văn Tân
Format: Książka
Język:Undetermined
Wydane: Hà Nội Giáo Dục 1999
Hasła przedmiotowe:
Etykiety: Dodaj etykietę
Nie ma etykietki, Dołącz pierwszą etykiete!
Thư viện lưu trữ: Trung tâm Học liệu Trường Đại học Cần Thơ
LEADER 00502nam a2200169Ia 4500
001 CTU_39711
008 210402s9999 xx 000 0 und d
082 |a 630.712 
082 |b K600/L12 
100 |a Nguyễn Văn Tân 
245 0 |a Kỹ thuật 12: Chăn nuôi 
245 0 |c Nguyễn Văn Tân 
260 |a Hà Nội 
260 |b Giáo Dục 
260 |c 1999 
650 |a agriculture - study and teaching ( secondary ) 
980 |a Trung tâm Học liệu Trường Đại học Cần Thơ